| 000 | 01440nam a2200409 a 4500 | ||
|---|---|---|---|
| 001 | 16913 | ||
| 003 | BD-RjUL | ||
| 005 | 20211209000050.0 | ||
| 008 | 140215s2002 nyuab b 000 1 eng | ||
| 020 | _a0393972836 (pbk.) | ||
| 035 | _a(BD-RjUL)16969 | ||
| 040 |
_aDLC _cDLC _dDLC _dBD-RjUL _beng |
||
| 041 | _aeng | ||
| 082 | 0 | 0 |
_a813.3 _221 _bMEM 2002 |
| 100 | 1 |
_aMelville, Herman, _d1819-1891. _942658 |
|
| 245 | 1 | 0 |
_aMoby-Dick / _cHerman Melville ; edited by Hershel Parker, Harrison Hayford ; pictorial materials prepared by John B. Putnam. |
| 250 | _a2nd ed. | ||
| 260 |
_aNew York : _bNorton, _cc2002. |
||
| 300 |
_axv, 726 p. : _bill. ; _c24 cm. |
||
| 500 | _a"150th anniversary ed."--Cover. | ||
| 504 | _aIncludes bibliographical references (p. 725-726). | ||
| 600 | 1 | 0 |
_aMelville, Herman, _d1819-1891. _9160262 |
| 650 | 0 |
_aAhab, Captain (Fictitious character) _vFiction. _952198 |
|
| 650 | 0 |
_aWhaling ships _vFiction. _952199 |
|
| 650 | 0 |
_aShip captains _vFiction. _952200 |
|
| 650 | 0 |
_aMentally ill _vFiction. _952201 |
|
| 650 | 0 |
_aWhaling _vFiction. _952202 |
|
| 650 | 0 |
_aWhales _vFiction. _952203 |
|
| 655 | 7 |
_aPsychological fiction. _2lcsh _9160107 |
|
| 655 | 7 |
_aAdventure stories. _2gsafd _9160263 |
|
| 655 | 7 |
_aSea stories. _2lcsh _9160264 |
|
| 700 | 1 |
_aParker, Hershel. _952207 |
|
| 700 | 1 |
_aHayford, Harrison. _952208 |
|
| 942 |
_2ddc _cBK |
||
| 999 |
_c16913 _d16913 |
||